Overview of forest law enforcement in East Malaysia

Bibliographic Details
Main Author: BLAKENEY
Format: Book
Published: Petaling Jaya, Selangor : WWF Malaysia , 2001
Subjects:

MARC

LEADER 00000cam a2200000 7i4500
001 0000001507
005 20010723.0
090 0 0 |a R 346.04675   |b BLA 2001 
100 1 0 |a BLAKENEY   |h Jay 
245 1 0 |a Overview of forest law enforcement in East Malaysia   |c prepared by Jay Blakeney 
260 0 0 |a Petaling Jaya, Selangor :   |b WWF Malaysia ,   |c 2001 
300 |a 18 p. ;   |c 30 cm. 
500 0 0 |a Bibliography : p. 18 
650 0 0 |a Forestry law and legislation 
650 0 0 |a Sabah   |x Forest policy 
650 0 0 |a Sarawak   |x Forest policy 
998 |a JPSM 
999 |a 0000002910   |b Monograph   |c Reference   |e Default branch